| 000 | 01343nmm a2200421 a 4500 | ||
|---|---|---|---|
| 003 | AR-BaBNM | ||
| 005 | 20251128205648.0 | ||
| 008 | 178019s1993 ||||||||||||||000 | spa|| | ||
| 020 | _a987-810-023-0 | ||
| 040 | _cAR-BaBNM | ||
| 245 | 1 | 0 |
_aHistoria argentina _bel antiperonismo. 15 |
| 260 |
_aBuenos Aires _bOriente _c1993 |
||
| 300 | 0 |
_a255 p. _bil., láms., tablas |
|
| 500 | 0 | _aObra realizada en homenaje a José María Rosa | |
| 504 | _aPara consultar el apéndice documental y la bibliografía recurrir al tomo XVII | ||
| 600 | 1 | 4 | _aFrondizi, Arturo |
| 600 | 1 | 4 |
_aAramburu, Pedro Eugenio _d1955-1958 |
| 610 | 2 | 4 | _aPartido Justicialista |
| 610 | 2 | 4 | _aUnión Cívica Radical del Pueblo [Argentina] |
| 610 | 2 | 4 | _aMovimiento de Integración y Desarrollo [Argentina] |
| 650 | 4 | _aHISTORIA POLITICA ARGENTINA | |
| 650 | 4 | _aPARTIDOS POLITICOS ARGENTINOS | |
| 650 | 4 | _aDOCTRINAS POLITICAS | |
| 650 | 4 | _aCLASE BAJA | |
| 650 | 4 | _aREVOLUCION DE SETIEMBRE DE 1955 | |
| 650 | 4 | _aREVOLUCION DE JUNIO DE 1955 | |
| 650 | 4 | _aIGLESIA Y ESTADO | |
| 650 | 4 | _aCRISIS POLITICAS | |
| 651 | 4 | _aArgentina | |
| 653 | 0 | _aPERONISMO | |
| 653 | 0 | _aREVOLUCION LIBERTADORA | |
| 700 | 1 | _aChavez, Fermín | |
| 700 | 1 | _aCantoni, Juan C. | |
| 700 | 1 | _aManson, Enrique | |
| 700 | 1 | _aSulé, Jorge O. | |
| 942 | _cBK | ||
| 998 | _cMariana | ||
| 999 |
_c12295 _d12295 |
||